Selected tourism research at University of Economics in Bratislava

Gespeichert in:
Bibliographische Detailangaben
1. Verfasser: Vongrej, Marián
Format: Buchkapitel
Sprache:Englisch
Schlagworte:
Tags: Tag hinzufügen
Keine Tags, Fügen Sie das erste Tag hinzu!

MARC

LEADER 00000naa$a2200000$$$4500
001 0195431
005 20240502083455.2
041 0 |a eng 
044 |a UA 
245 1 0 |a Selected tourism research at University of Economics in Bratislava  |c Marián Vongrej 
610 2 0 |a ruch cestovný 
610 2 0 |a výskum 
610 2 0 |a šport 
610 2 0 |a Slovensko 
610 2 0 |a univerzity 
100 1 |a Vongrej, Marián